| 000 | 01374nam a22002657i 4500 | ||
|---|---|---|---|
| 001 | 016890000096648 | ||
| 003 | CZ PrSKC | ||
| 005 | 20260505095835.0 | ||
| 007 | ta | ||
| 008 | 260428s2026 xr g 000 f cze d | ||
| 020 |
_a9788026760597 _c399.00 Kč |
||
| 040 |
_aBOG001 _bcze _dBOG001 _erda |
||
| 100 | 1 |
_aKlabouchová, Petra, _d1980- _4aut |
|
| 245 | 1 | 0 |
_aMuž z Brna na Onom Světě. _n2 / _cPetra Klabouchová |
| 246 | 1 | 3 | _aMuž z Brna |
| 250 | _a1. vydání | ||
| 264 | 1 |
_aV Praze : _bMotto, _c2026 |
|
| 300 |
_a278 stran ; _c21 cm |
||
| 500 | _aObálkový podnázev: Kdo stojí za vraždou Pražáka na Šumavě? | ||
| 520 | 2 | _aJosef Ječmínek přežil Brno, tak už by ho nemělo nic překvapit. Z bezpečnostních důvodů je však odklizen na Šumavu, kde v utajení zastává funkci mluvčího chráněné krajinné oblasti Onen Svět. Parta místních podivínů mu to ale moc neusnadňuje. Tím spíš, když v osadě dojde k vraždě seniora z Prahy a Josef se stane hlavním podezřelým a hvězdou televizní reality show Česko hledá vraha. Navíc mu jde po krku Američan pátrající po dávném šumavském tajemství, které může ovlivnit pohled na moderní dějiny lidstva. | |
| 653 | 0 |
_adetektivní romány _ahumoristické romány _ačeská próza |
|
| 710 | 2 |
_aMotto (nakladatelství) _4pbl _920472 |
|
| 910 | _aABG508 | ||
| 999 |
_c34249 _d34249 |
||